[Event "Women's Speed Chess Q2"]
[Site "chess.com INT"]
[Date "2020.06.19"]
[Round "3"]
[White "Protopopova, Anastasiya"]
[Black "Pham, Bich Ngoc"]
[Result "1-0"]
[WhiteTitle "WFM"]
[BlackTitle "WIM"]
[WhiteElo "2192"]
[BlackElo "2235"]
[WhiteFideId "24172073"]
[BlackFideId "12401285"]
[EventDate "2020.06.19"]

1. d4 g6 2. c4 Bg7 3. e4 d6 4. Nc3 Nc6 5. Be3 e5 6. d5 Nce7 7. g3 h6 8. Bg2 f5
9. Nge2 Nf6 10. O-O O-O 11. f4 Ng4 12. Bc1 fxe4 13. Nxe4 Nf5 14. Qb3 exf4 15.
Bxf4 Nd4 16. Qd3 Nxe2+ 17. Qxe2 g5 18. Bd2 Bd4+ 19. Kh1 Bxb2 20. Rxf8+ Qxf8 21.
Rf1 Qg7 22. c5 Be5 23. cxd6 cxd6 24. h3 Qd7 25. hxg4 Qxg4 26. Qxg4 Bxg4 27. Nf6+
Bxf6 28. Rxf6 Kg7 29. Rxd6 Rc8 30. Be4 Rc4 31. Bd3 Ra4 32. Bc3+ Kf7 33. Rf6+ Ke7
34. d6+ Kd8 35. Rf8+ Kd7 36. Bb5+ 1-0

[Event "Women's Speed Chess Q2"]
[Site "chess.com INT"]
[Date "2020.06.19"]
[Round "3"]
[White "Muminova, Nafisa"]
[Black "Sakorenko, Adriana"]
[Result "1-0"]
[WhiteTitle "WGM"]
[BlackTitle "WFM"]
[WhiteElo "2274"]
[BlackElo "2216"]
[WhiteFideId "14201526"]
[BlackFideId "34130249"]
[EventDate "2020.06.19"]

1. d4 d5 2. Nc3 Nf6 3. Bf4 e6 4. Nb5 Na6 5. e3 c6 6. Nc3 Nc7 7. Nf3 Bd6 8. Ne5
Qe7 9. Bd3 Nd7 10. Qf3 a5 11. Qg3 Bxe5 12. dxe5 g6 13. h4 Nc5 14. Bg5 Nxd3+ 15.
cxd3 Qb4 16. O-O Qxb2 17. Rfc1 Qa3 18. Bf6 Rg8 19. e4 Bd7 20. Rab1 b5 21. Qe3 c5
22. Rb3 d4 23. Qe1 Qxb3 24. axb3 dxc3 25. Qxc3 Na6 26. d4 1-0

[Event "Women's Speed Chess Q2"]
[Site "chess.com INT"]
[Date "2020.06.19"]
[Round "3"]
[White "Maltsevskaya, Aleksandra"]
[Black "Franco Valencia, Beatriz Irene"]
[Result "1-0"]
[WhiteTitle "WGM"]
[BlackTitle "WGM"]
[WhiteElo "2272"]
[BlackElo "2103"]
[WhiteFideId "24174041"]
[BlackFideId "4402618"]
[EventDate "2020.06.19"]

1. e4 c6 2. Nc3 g6 3. d4 d5 4. h3 Bg7 5. e5 Nh6 6. Nf3 O-O 7. Bd3 f6 8. exf6
exf6 9. O-O Qc7 10. Ne2 Nf7 11. Bf4 Qb6 12. c4 Qxb2 13. c5 Qa3 14. Qd2 b6 15.
Rfb1 Be6 16. cxb6 axb6 17. Rxb6 Qa7 18. Rab1 Nd7 19. Rxc6 Nd8 20. Rc7 Qxa2 21.
Qxa2 Rxa2 22. Bd6 Re8 23. Nf4 Nf8 24. Bb5 Bd7 25. Bxd7 Nxd7 26. Rxd7 Nf7 27.
Nxd5 Nxd6 28. Rxd6 f5 29. Rd7 Ree2 30. Rb8+ Bf8 31. Nf6+ 1-0

[Event "Women's Speed Chess Q2"]
[Site "chess.com INT"]
[Date "2020.06.19"]
[Round "3"]
[White "Fominykh, Maria"]
[Black "Sharmin, Samiha Shimmi"]
[Result "1-0"]
[WhiteTitle "WGM"]
[BlackTitle "WCM"]
[WhiteElo "2206"]
[BlackElo "1812"]
[WhiteFideId "4142411"]
[BlackFideId "10203087"]
[EventDate "2020.06.19"]

1. d4 d5 2. c4 e6 3. Nc3 c5 4. cxd5 exd5 5. Nf3 Nc6 6. g3 Nf6 7. Bg2 Be7 8. O-O
O-O 9. dxc5 Bxc5 10. Bg5 d4 11. Bxf6 Qxf6 12. Nd5 Qd6 13. Nd2 Be6 14. Nf4 Bb6
15. Ne4 Qd7 16. Nxe6 fxe6 17. a3 e5 18. Qd3 h6 19. Rac1 Rac8 20. b4 a5 21. Nc5
Bxc5 22. Rxc5 axb4 23. axb4 Kh8 24. Qc4 Rfe8 25. Rc1 Ra8 26. b5 Na5 27. Qd3 b6
28. Rc7 Qd6 29. Bxa8 Rxa8 30. Rc8+ 1-0

[Event "Women's Speed Chess Q2"]
[Site "chess.com INT"]
[Date "2020.06.19"]
[Round "3"]
[White "Chen, Yining"]
[Black "Skuhala, Barbara"]
[Result "1/2-1/2"]
[WhiteTitle "WCM"]
[BlackTitle "WFM"]
[WhiteElo "1745"]
[BlackElo "2095"]
[WhiteFideId "8620946"]
[BlackFideId "14605465"]
[EventDate "2020.06.19"]

1. d4 d5 2. c4 c6 3. Nf3 Nf6 4. Nc3 e6 5. Bg5 Be7 6. e3 Nbd7 7. Rc1 h6 8. Bh4
O-O 9. a3 b6 10. cxd5 exd5 11. Bd3 Bb7 12. O-O Re8 13. Bg3 c5 14. dxc5 Nxc5 15.
Bf5 Nfe4 16. Nd4 Nxc3 17. Rxc3 Bf6 18. b4 Ne6 19. Bxe6 fxe6 20. Rc7 Rb8 21. Qg4
Bxd4 22. exd4 Qf6 23. Rc3 Rbc8 24. Rfc1 Rxc3 25. Rxc3 Rc8 26. Rxc8+ Bxc8 27. Be5
Qf7 28. h3 Bd7 29. Qe2 Ba4 30. Qd3 Qf5 31. Qxf5 exf5 32. f4 Kf7 33. Kf2 g6 34.
g3 Bc2 35. h4 h5 36. Ke3 Ke6 37. Kd2 Ba4 38. Bb8 a6 39. Ba7 b5 40. Bc5 Kd7 41.
Bf8 Bb3 42. Bc5 Kc6 43. Be7 Kb6 44. Bc5+ Kb7 45. Bd6 Bc4 46. Bc5 Bf1 47. Bd6 Bh3
48. Bc5 Bg4 49. Bd6 Kb6 50. Bc5+ Kb7 51. Bd6 Kb6 52. Bc5+ Kb7 1/2-1/2

[Event "Women's Speed Chess Q2"]
[Site "chess.com INT"]
[Date "2020.06.19"]
[Round "3"]
[White "Zawadzka, Jolanta"]
[Black "Hryzlova, Sofiia"]
[Result "1-0"]
[WhiteTitle "WGM"]
[WhiteElo "2419"]
[BlackElo "1940"]
[WhiteFideId "1122320"]
[BlackFideId "14174669"]
[EventDate "2020.06.19"]

1. e4 c5 2. Nf3 Nc6 3. d4 cxd4 4. Nxd4 Nf6 5. Nc3 d6 6. Bg5 Bd7 7. Bxf6 gxf6 8.
Nb3 a5 9. Bb5 h5 10. O-O h4 11. a4 h3 12. g3 e6 13. Qe2 Be7 14. Rad1 Nb4 15. Kh1
Bc6 16. Nd4 Qb6 17. Nxc6 bxc6 18. Bc4 d5 19. exd5 cxd5 20. Bb5+ Kf8 21. Qd2 Rd8
22. Ne2 Rc8 23. c3 Nc6 24. Nd4 Nxd4 25. cxd4 Bb4 26. Qf4 Ke7 27. Rc1 Bd6 28. Qe3
Rc7 29. Rc3 Rhc8 30. Rfc1 Rxc3 31. bxc3 Rh8 32. c4 dxc4 33. Bxc4 Qb2 34. Bf1 Rb8
35. Re1 Rb4 36. Bxh3 Qxd4 37. Qf3 Qb2 38. Rd1 Rxa4 39. Qd3 Be5 40. Qd8# 1-0

[Event "Women's Speed Chess Q2"]
[Site "chess.com INT"]
[Date "2020.06.19"]
[Round "3"]
[White "Bommini, Mounika Akshaya"]
[Black "Castillo Pena, Patricia Evarista"]
[Result "0-1"]
[WhiteTitle "WFM"]
[BlackTitle "WCM"]
[WhiteElo "2029"]
[BlackElo "1770"]
[WhiteFideId "25019872"]
[BlackFideId "6412106"]
[EventDate "2020.06.19"]

1. d4 d5 2. c4 c6 3. Bf4 Nf6 4. e3 e6 5. Nc3 Bd6 6. Bg3 O-O 7. Nf3 Qe7 8. c5 Bc7
9. Ne5 Ne4 10. Bd3 f5 11. f4 Nd7 12. Ke2 Ba5 13. Rc1 Ndf6 14. Bh4 Qe8 15. Bxf6
Rxf6 16. Bxe4 fxe4 17. g4 Bc7 18. Qf1 Bxe5 19. dxe5 Rf8 20. Qf2 a5 21. Kd2 Qe7
22. h4 Qxc5 23. Nxe4 Qb4+ 24. Nc3 Qxb2+ 25. Rc2 Qb4 26. g5 c5 27. Kd1 Rb8 28. h5
Bd7 29. Ne2 Ba4 30. Nc1 d4 31. g6 h6 32. Rg1 Rbd8 33. Nd3 Qb1+ 0-1

[Event "Women's Speed Chess Q2"]
[Site "chess.com INT"]
[Date "2020.06.19"]
[Round "3"]
[White "Khomeriki, Nino"]
[Black "Bartel, Marta"]
[Result "0-1"]
[WhiteTitle "WGM"]
[BlackTitle "WGM"]
[WhiteElo "2319"]
[BlackElo "2192"]
[WhiteFideId "13603191"]
[BlackFideId "1123009"]
[EventDate "2020.06.19"]

1. d4 f5 2. Nc3 g6 3. h4 h6 4. h5 g5 5. e4 f4 6. e5 Bg7 7. Bd3 e6 8. Bg6+ Kf8 9.
g3 Ne7 10. gxf4 Nxg6 11. hxg6 gxf4 12. Bxf4 Nc6 13. Qd2 h5 14. O-O-O b6 15. Nf3
Ne7 16. Rdg1 Qe8 17. Qd3 Bb7 18. Rg5 Bh6 19. g7+ Bxg7 20. Rhg1 Bh6 21. Kb1 Bxg5
22. Nxg5 Nf5 23. Nce4 Bxe4 24. Nxe4 Qf7 25. Nf6 h4 26. Qa3+ d6 27. Ne4 Nxd4 28.
exd6 c5 29. d7 Qxf4 30. Ng5 Qxf2 31. Qc3 Qxg1+ 0-1

[Event "Women's Speed Chess Q2"]
[Site "chess.com INT"]
[Date "2020.06.19"]
[Round "3"]
[White "Borisova, Ekaterina"]
[Black "Starosta, Martyna"]
[Result "1-0"]
[WhiteTitle "FM"]
[BlackTitle "WCM"]
[WhiteElo "2283"]
[BlackElo "2079"]
[WhiteFideId "34124184"]
[BlackFideId "21818754"]
[EventDate "2020.06.19"]

1. d4 Nf6 2. c4 g6 3. g3 Bg7 4. Bg2 c6 5. Nc3 d5 6. b3 O-O 7. Nf3 Ne4 8. Bb2 Qa5
9. Qc1 c5 10. O-O cxd4 11. Nxd5 Nc6 12. Nxd4 Nxd4 13. Bxd4 Bxd4 14. Bxe4 e6 15.
Ne7+ Kh8 16. Nxc8 Raxc8 17. Rb1 b6 18. Qf4 Bg7 19. a4 Rcd8 20. Rbd1 Kg8 21. Qc7
Be5 22. Qc6 Qc3 23. Qb5 Rd4 24. Rxd4 Qxd4 25. Bf3 Rd8 26. e3 Qc3 27. Kg2 Kg7 28.
h4 Rd3 29. h5 Qxb3 30. Qe8 Rc3 31. h6+ Kxh6 32. Qxf7 Qxc4 33. Rh1+ Kg5 34. Qxh7
Kf6 35. Qh8+ Ke7 36. Qxe5 Rc2 37. Rh7+ Kd8 38. Qh8# 1-0

[Event "Women's Speed Chess Q2"]
[Site "chess.com INT"]
[Date "2020.06.19"]
[Round "3"]
[White "Berdychevskaya, Natasha"]
[Black "Robledo, Cristian"]
[Result "0-1"]
[WhiteTitle "WFM"]
[BlackTitle "FM"]
[WhiteElo "2208"]
[BlackElo "2274"]
[WhiteFideId "4159322"]
[BlackFideId "133450"]
[EventDate "2020.06.19"]

1. e4 c5 2. Nf3 e6 3. d4 cxd4 4. Nxd4 a6 5. Be2 Qc7 6. O-O Nf6 7. Nc3 d6 8. f4
Nbd7 9. a4 b6 10. Bf3 Bb7 11. Qe1 Be7 12. Qg3 g6 13. Bd2 h5 14. Rae1 h4 15. Qf2
Rc8 16. e5 Nh5 17. exd6 Bxd6 18. Nxe6 fxe6 19. Bxb7 Bc5 20. Be3 Qxb7 21. Qxh4
Kf7 22. Bxc5 Nxc5 23. g4 Nf6 24. Qg3 Nce4 25. Nxe4 Nxe4 26. Qd3 Nc5 27. Qe3 Qc6
28. b4 Nxa4 29. f5 gxf5 0-1

[Event "Women's Speed Chess Q2"]
[Site "chess.com INT"]
[Date "2020.06.19"]
[Round "3"]
[White "Shevtchenko, Olesya"]
[Black "Linares Napoles, Oleiny"]
[Result "0-1"]
[WhiteTitle "WFM"]
[BlackTitle "WGM"]
[WhiteElo "2054"]
[BlackElo "2215"]
[WhiteFideId "24131890"]
[BlackFideId "3504794"]
[EventDate "2020.06.19"]

1. e4 d6 2. d4 Nf6 3. Nc3 g6 4. f3 c6 5. Be3 b5 6. a3 Nbd7 7. Qd2 Nb6 8. h4 h5
9. Nh3 Bxh3 10. Rxh3 Bg7 11. d5 a6 12. dxc6 Rc8 13. Nd5 Nfxd5 14. exd5 Bxb2 15.
Rb1 Be5 16. c4 Nxc4 17. Bxc4 bxc4 18. Bb6 Rc7 19. Qa5 O-O 20. Bxc7 Qc8 21. Bb6
Qf5 22. Rd1 Qc2 23. Bd4 Qxg2 24. Bxe5 Qxh3 25. Bc3 Qxf3 26. Kd2 Rb8 27. Bb4 Rb5
28. c7 Rxd5+ 29. Qxd5 Qxd5+ 30. Kc3 Qc6 31. Rd4 Qxc7 32. Rxc4 Qb7 33. Kd3 Qf3+
34. Kd2 Qf2+ 35. Kd3 Qf1+ 36. Kc3 Kg7 37. Rc7 Qc1+ 0-1

[Event "Women's Speed Chess Q2"]
[Site "chess.com INT"]
[Date "2020.06.19"]
[Round "3"]
[White "Shuvalova, Polina"]
[Black "Hejazipour, Mitra"]
[Result "1-0"]
[WhiteTitle "WGM"]
[BlackTitle "WGM"]
[WhiteElo "2454"]
[BlackElo "2300"]
[WhiteFideId "24171760"]
[BlackFideId "12505951"]
[EventDate "2020.06.19"]

1. e4 c5 2. Nf3 d6 3. Bb5+ Nd7 4. Ba4 Nf6 5. O-O g6 6. Re1 Bg7 7. c3 a6 8. d4 b5
9. Bc2 cxd4 10. cxd4 O-O 11. a4 Bb7 12. Bd3 b4 13. Nbd2 a5 14. Nc4 Nb6 15. b3
Nxc4 16. bxc4 Nd7 17. Bb2 e5 18. c5 dxc5 19. dxe5 Qe7 20. Rc1 Nxe5 21. Bxe5 Bxe5
22. Qd2 Bc3 23. Rxc3 bxc3 24. Qxc3 Rfc8 25. Bc4 Ba6 26. Bd5 Bb7 27. Bc4 Bc6 28.
Ne5 Be8 29. Ng4 Qg5 30. Nf6+ Kg7 31. Nxe8+ Kf8 32. Nf6 Qh4 33. g3 Qh6 34. Nd7+
Ke7 35. Rd1 Rd8 36. Qf6+ Ke8 37. Qxf7# 1-0

[Event "Women's Speed Chess Q2"]
[Site "chess.com INT"]
[Date "2020.06.19"]
[Round "3"]
[White "Sviridova, Vlada"]
[Black "Pham, Le Thao Nguyen"]
[Result "0-1"]
[WhiteTitle "WFM"]
[BlackTitle "IM"]
[WhiteElo "2144"]
[BlackElo "2366"]
[WhiteFideId "24109606"]
[BlackFideId "12401226"]
[EventDate "2020.06.19"]

1. d4 d5 2. c4 c6 3. Nf3 Nf6 4. Nc3 dxc4 5. a4 Bf5 6. Ne5 Na6 7. f3 Nd7 8. Nxc4
e5 9. dxe5 Qh4+ 10. g3 Qxc4 11. e4 Qc5 12. exf5 Qxe5+ 13. Qe2 Nb4 14. Qxe5+ Nxe5
15. Kf2 a5 16. Kg2 O-O-O 17. Bf4 Ned3 18. Bxd3 Nxd3 19. Rad1 Bb4 20. Bc1 Nxc1
21. Rxc1 Rd2+ 22. Kh3 Rxb2 23. Ne4 f6 24. Rhd1 Rd8 25. Rxd8+ Kxd8 26. Rd1+ Kc7
27. g4 h6 28. f4 Ra2 29. g5 hxg5 30. fxg5 Be7 31. gxf6 gxf6 32. Rd4 b5 33. axb5
cxb5 34. Nc3 Ra3 35. Rd3 Kc6 36. Re3 Bb4 37. Nd1 Rxe3+ 38. Nxe3 a4 39. Nc2 Bc5
40. Kg4 b4 41. h4 b3 42. Ne1 b2 43. Nd3 b1=Q 0-1

[Event "Women's Speed Chess Q2"]
[Site "chess.com INT"]
[Date "2020.06.19"]
[Round "3"]
[White "Anu, Bayar"]
[Black "Diakonova, Ekaterina"]
[Result "0-1"]
[WhiteTitle "WFM"]
[WhiteElo "2102"]
[BlackElo "2209"]
[WhiteFideId "4901339"]
[BlackFideId "24172936"]
[EventDate "2020.06.19"]

1. d4 d5 2. c4 c6 3. cxd5 cxd5 4. Nc3 Nf6 5. Bf4 Nc6 6. e3 a6 7. Bd3 Bg4 8. Qb3
b5 9. Rc1 Na5 10. Qc2 Nc4 11. f3 Bh5 12. Bxc4 dxc4 13. Nge2 e6 14. O-O Be7 15.
Ng3 Bg6 16. Nce4 Nd5 17. Ne2 O-O 18. Qd2 Bb4 19. N4c3 Bd3 20. Bg3 Qa5 21. Rfe1
Rfd8 22. e4 Ne7 23. Qe3 Bxe2 24. Rxe2 Qb6 25. Rd1 Rd7 26. a3 Ba5 27. Bf2 Qb7 28.
Red2 Bb6 29. Qe2 Rad8 30. Be3 h6 31. Qf2 Qa7 32. g3 Nc6 33. d5 Bxe3 34. dxc6
Rxd2 35. Rxd2 Rxd2 0-1

[Event "Women's Speed Chess Q2"]
[Site "chess.com INT"]
[Date "2020.06.19"]
[Round "3"]
[White "Enkhtuul, Altan-Ulzii"]
[Black "Kabanova, Ekaterina"]
[Result "1-0"]
[WhiteTitle "WGM"]
[BlackTitle "WFM"]
[WhiteElo "2228"]
[BlackElo "2138"]
[WhiteFideId "4901444"]
[BlackFideId "24112917"]
[EventDate "2020.06.19"]

1. e4 c5 2. Nf3 e6 3. d4 cxd4 4. Nxd4 a6 5. g3 Qc7 6. Bg2 Nf6 7. O-O Be7 8. Nc3
d6 9. Nce2 O-O 10. c3 Nbd7 11. h3 Re8 12. Kh2 Rb8 13. f4 h6 14. a4 Nh7 15. a5 b5
16. Be3 Bb7 17. Nc2 Nhf6 18. Qd3 Nc5 19. Bxc5 dxc5 20. Ne3 Rbd8 21. Qc2 Bc6 22.
e5 Nd5 23. Nxd5 Bxd5 24. Bxd5 Rxd5 25. Ng1 Red8 26. Nf3 R8d7 27. c4 bxc4 28.
Qxc4 Qb7 29. Rf2 Rd3 30. Raf1 Bd8 31. Qxc5 Be7 32. Qc4 Bb4 33. f5 exf5 34. e6
fxe6 35. Qxe6+ Kh8 36. Ne5 f4 37. Ng6+ Kh7 38. Nxf4 Rd2 39. Qg6+ Kg8 40. Nh5
Rxf2+ 41. Rxf2 Rf7 42. Qe6 1-0

[Event "Women's Speed Chess Q2"]
[Site "chess.com INT"]
[Date "2020.06.19"]
[Round "3"]
[White "Shafigullina, Zarina"]
[Black "Vittal, Sanjana"]
[Result "1-0"]
[WhiteTitle "WFM"]
[BlackTitle "WFM"]
[WhiteElo "2296"]
[BlackElo "1961"]
[WhiteFideId "24174220"]
[BlackFideId "2097486"]
[EventDate "2020.06.19"]

1. d4 d5 2. Nf3 Nf6 3. g3 Bg4 4. Bg2 Nbd7 5. O-O e6 6. c4 c6 7. Nc3 Bd6 8. b3
O-O 9. Re1 a5 10. e4 dxe4 11. Nxe4 Nxe4 12. Rxe4 Nf6 13. Re1 Bb4 14. Re2 Bc3 15.
Bb2 Bxb2 16. Rxb2 Qd7 17. h3 Bxf3 18. Bxf3 Rfd8 19. Rd2 e5 20. d5 cxd5 21. Bxd5
Qxh3 22. Bxb7 Rxd2 23. Qxd2 Rb8 24. Bg2 Qe6 25. Qxa5 h6 26. Rd1 e4 27. Qc7 Re8
28. Qd6 Qg4 29. Re1 e3 30. Rxe3 Rxe3 31. fxe3 Ne4 32. Qf4 Qd1+ 33. Qf1 Qc2 34.
Bxe4 Qxe4 35. Qf2 Qb1+ 36. Kh2 Qf5 37. Qxf5 1-0

[Event "Women's Speed Chess Q2"]
[Site "chess.com INT"]
[Date "2020.06.19"]
[Round "3"]
[White "Mikheeva, Galina"]
[Black "Thipsay, Bagyashree Sathe"]
[Result "0-1"]
[WhiteTitle "WFM"]
[BlackTitle "WIM"]
[WhiteElo "1901"]
[BlackElo "2072"]
[WhiteFideId "44108320"]
[BlackFideId "5001013"]
[EventDate "2020.06.19"]

1. e4 c6 2. d4 d5 3. e5 Bf5 4. h4 h5 5. Bd3 Bxd3 6. Qxd3 e6 7. Nf3 Qa5+ 8. Nbd2
Nh6 9. O-O Nf5 10. c4 Qa6 11. b3 Nd7 12. Bb2 Be7 13. a3 Nxh4 14. Nxh4 Bxh4 15.
b4 Be7 16. Rfc1 Rd8 17. Qg3 g6 18. c5 Qe2 19. Rc2 a6 20. f3 Qe3+ 21. Qf2 Qxf2+
22. Kxf2 Kf8 23. a4 Ra8 24. Nb3 Kg7 25. Bc3 f6 26. Rca2 fxe5 27. dxe5 Rhf8 28.
Kg3 g5 29. Nd4 Kf7 30. Ne2 a5 0-1

[Event "Women's Speed Chess Q2"]
[Site "chess.com INT"]
[Date "2020.06.19"]
[Round "3"]
[White "Bodnaruk, Anastasia"]
[Black "Zhukova, Natalia"]
[Result "1/2-1/2"]
[WhiteTitle "IM"]
[BlackTitle "GM"]
[WhiteElo "2411"]
[BlackElo "2328"]
[WhiteFideId "4181751"]
[BlackFideId "14101513"]
[EventDate "2020.06.19"]

1. e4 e6 2. d4 d5 3. e5 c5 4. c3 Nc6 5. Nf3 Bd7 6. Be2 Rc8 7. O-O Qb6 8. dxc5
Bxc5 9. b4 Be7 10. Re1 f6 11. Bf4 fxe5 12. Nxe5 Nxe5 13. Bxe5 Nf6 14. Nd2 O-O
15. Nf3 Ne4 16. Bd4 Qc7 17. Rc1 Bf6 18. Bd3 e5 19. Qb3 exd4 20. Qxd5+ Kh8 21.
Qxe4 g6 22. Nxd4 Rce8 23. Qd5 Rxe1+ 24. Rxe1 Qxc3 25. Nf3 Bc6 26. Qc4 Bxf3 27.
Qxc3 Bxc3 28. Rc1 Bd2 29. Rc2 Bxb4 30. gxf3 Rxf3 31. Be4 Rc3 32. Rxc3 Bxc3 33.
Bxb7 a5 34. Kf1 Kg7 35. Ke2 Kf6 1/2-1/2

[Event "Women's Speed Chess Q2"]
[Site "chess.com INT"]
[Date "2020.06.19"]
[Round "3"]
[White "Chumpitaz, Ann"]
[Black "Sihite, Chelsie Monica Ignesias"]
[Result "0-1"]
[WhiteTitle "WIM"]
[BlackTitle "WIM"]
[WhiteElo "2244"]
[BlackElo "2252"]
[WhiteFideId "3804178"]
[BlackFideId "7101198"]
[EventDate "2020.06.19"]

1. e4 c5 2. Nf3 e6 3. d4 cxd4 4. Nxd4 Nc6 5. Nc3 Bc5 6. Nb3 Bb6 7. Bd3 Nf6 8.
Qe2 e5 9. Be3 O-O 10. Bxb6 Qxb6 11. O-O d6 12. Kh1 a5 13. a4 Be6 14. Nb5 Nb4 15.
Rad1 Rfd8 16. Nc1 Rac8 17. Rfe1 Ng4 18. Kg1 Nf6 19. c3 Nxd3 20. Nxd3 Bb3 21. Ra1
Bxa4 22. Rxa4 Qxb5 23. Ra3 Rc4 24. f3 b6 25. Qc2 Rdc8 26. Rb3 Qa4 27. Qd1 Qc6
28. Qd2 b5 29. Ra3 h6 30. Qf2 a4 31. Nb4 Qc7 32. Rd1 Rd8 33. Raa1 Qc8 34. Rd2
Ne8 35. Rd3 Qe6 36. Qd2 Rdc8 37. Rd1 f5 38. Nd5 fxe4 39. fxe4 Rb8 40. Qe3 Kh7
41. Rf1 Rb7 42. Rf3 Rf7 43. Rg3 Rc8 44. h3 Nf6 45. Qe2 Nxd5 46. Rxd5 Rcf8 47.
Rxb5 Rf1+ 48. Qxf1 Rxf1+ 49. Kxf1 Qc4+ 0-1

[Event "Women's Speed Chess Q2"]
[Site "chess.com INT"]
[Date "2020.06.19"]
[Round "3"]
[White "Hng, Mei-En Emmanuelle"]
[Black "Kiolbasa, Oliwia"]
[Result "0-1"]
[WhiteTitle "WFM"]
[BlackTitle "WIM"]
[WhiteElo "2029"]
[BlackElo "2160"]
[WhiteFideId "5804566"]
[BlackFideId "1154613"]
[EventDate "2020.06.19"]

1. e4 e5 2. d4 exd4 3. Bc4 Nc6 4. Nf3 Bc5 5. O-O d6 6. c3 Bg4 7. Qb3 Bxf3 8.
Bxf7+ Kf8 9. gxf3 Nf6 10. Be6 dxc3 11. bxc3 Ne5 12. Nd2 Rb8 13. Bh3 Nh5 14. Nc4
Nxf3+ 15. Kh1 Qh4 16. Kg2 Qxe4 17. Qb1 Nd2+ 18. Qxe4 Nxe4 19. Be3 Nhf6 20. Bxc5
Nxc5 21. Ne5 dxe5 22. Rad1 Nce4 23. Rfe1 Nxc3 24. Rd3 Nce4 25. f3 Nd6 26. Rxe5
Re8 27. Rc5 Re7 28. Rdc3 Nfe8 29. Bg4 h5 30. Ra5 hxg4 0-1

[Event "Women's Speed Chess Q2"]
[Site "chess.com INT"]
[Date "2020.06.19"]
[Round "3"]
[White "Kazarian, Anna-Maja"]
[Black "Rovira Contreras, Tairu Manuela"]
[Result "1-0"]
[WhiteTitle "FM"]
[BlackTitle "WIM"]
[WhiteElo "2096"]
[BlackElo "2058"]
[WhiteFideId "1033689"]
[BlackFideId "3900533"]
[EventDate "2020.06.19"]

1. e4 e5 2. Nf3 Nc6 3. Bb5 a6 4. Ba4 Nf6 5. d3 d6 6. c3 Be7 7. O-O O-O 8. Nbd2
b5 9. Bc2 Nb8 10. a4 bxa4 11. Rxa4 c5 12. d4 cxd4 13. cxd4 Nbd7 14. Nc4 Qc7 15.
Ne3 Nb6 16. Ra1 Bb7 17. d5 Nc4 18. Nf5 Bc8 19. Nxe7+ Qxe7 20. Bd3 Nb6 21. Be3
Qb7 22. Qe2 Nbd7 23. Rfc1 Ne8 24. Rc6 a5 25. Qc2 h6 26. h4 Nef6 27. Rc1 Kh7 28.
Rxd6 1-0

[Event "Women's Speed Chess Q2"]
[Site "chess.com INT"]
[Date "2020.06.19"]
[Round "3"]
[White "Harika, Dronavalli"]
[Black "Tarleva, Vira"]
[Result "1-0"]
[WhiteTitle "GM"]
[BlackTitle "WFM"]
[WhiteElo "2515"]
[BlackElo "2030"]
[WhiteFideId "5015197"]
[BlackFideId "14116693"]
[EventDate "2020.06.19"]

1. e4 c5 2. Nf3 d6 3. Bb5+ Bd7 4. Bxd7+ Nxd7 5. O-O Ngf6 6. Re1 e6 7. d4 cxd4 8.
Nxd4 a6 9. c4 Be7 10. b3 O-O 11. Bb2 Qa5 12. Nc3 Rac8 13. Qd2 Rfd8 14. Rad1 Bf8
15. h3 Ne5 16. f4 Nc6 17. Nxc6 bxc6 18. Nd5 Qxd2 19. Nxf6+ gxf6 20. Rxd2 Be7 21.
Red1 e5 22. Kf2 f5 23. fxe5 fxe4 24. exd6 e3+ 25. Kxe3 Bg5+ 26. Kf3 Bxd2 27.
Rxd2 c5 28. Bf6 Rd7 29. Rd5 Rc6 30. Rg5+ Kf8 31. Be7+ Rxe7 32. dxe7+ Kxe7 33.
Rd5 Ke6 34. g4 Rc8 35. Ke4 f6 36. Rh5 Rc7 37. Rd5 Rc8 38. h4 Rg8 39. Kf4 Rc8 40.
g5 fxg5+ 41. Kxg5 a5 42. Kh6 Rc7 43. h5 a4 44. bxa4 Ra7 45. Rxc5 Rxa4 46. Kxh7
Rxa2 47. h6 Rg2 48. Rc7 Kd6 49. Rg7 Rh2 50. Rg6+ Kd7 51. Kg7 1-0

[Event "Women's Speed Chess Q2"]
[Site "chess.com INT"]
[Date "2020.06.19"]
[Round "3"]
[White "Mammadzada, Gunay"]
[Black "Gunina, Valentina"]
[Result "1-0"]
[WhiteTitle "IM"]
[BlackTitle "GM"]
[WhiteElo "2443"]
[BlackElo "2431"]
[WhiteFideId "13403729"]
[BlackFideId "4167570"]
[EventDate "2020.06.19"]

1. e4 c6 2. d4 d5 3. Nc3 dxe4 4. Nxe4 Bf5 5. Ng3 Bg6 6. h4 h6 7. Nf3 Nd7 8. h5
Bh7 9. Bd3 Bxd3 10. Qxd3 e6 11. Bd2 Ngf6 12. O-O-O Bd6 13. Qe2 Qc7 14. Nf5 Bf8
15. Ne5 Nxe5 16. dxe5 Nd5 17. Ng3 O-O-O 18. f4 Qb6 19. Ne4 Be7 20. Rh3 c5 21. a3
Qc6 22. Rd3 Nb6 23. Bc3 Rxd3 24. Rxd3 Nd5 25. Qg4 Rg8 26. Nf6 Bxf6 27. exf6 g6
28. Be5 c4 29. Rd1 Ne3 30. Qe2 Nxd1 31. Qxd1 gxh5 32. Qxh5 Qxg2 33. Qxf7 Qf1+
34. Kd2 Rg2+ 35. Kc3 Qe1+ 36. Kd4 Qd2+ 37. Kxc4 Qd5+ 38. Kb4 b6 39. Qc7# 1-0

[Event "Women's Speed Chess Q2"]
[Site "chess.com INT"]
[Date "2020.06.19"]
[Round "3"]
[White "De Seroux, Camille"]
[Black "Zavivaeva, Evelina"]
[Result "1-0"]
[WhiteTitle "WIM"]
[BlackTitle "WCM"]
[WhiteElo "2137"]
[BlackElo "1619"]
[WhiteFideId "1305620"]
[BlackFideId "44127839"]
[EventDate "2020.06.19"]

1. e4 Nf6 2. e5 Ng8 3. d4 d6 4. exd6 exd6 5. Bd3 Be7 6. Nf3 Nf6 7. O-O O-O 8. c4
Bg4 9. h3 Bh5 10. Nc3 Nc6 11. Be3 Qd7 12. Be2 d5 13. Ne5 Nxe5 14. dxe5 Bxe2 15.
Qxe2 Ne4 16. Nxd5 c6 17. Nxe7+ Qxe7 18. Bd4 Nc5 19. Rad1 Rfe8 20. Rfe1 Rad8 21.
Qe3 b6 22. b4 Ne6 23. Bc3 Qg5 24. Qxg5 Nxg5 25. f4 Ne6 26. g3 Nc7 27. Rd6 Rxd6
28. exd6 Rxe1+ 29. Bxe1 Ne6 30. Bf2 Kf8 31. c5 b5 32. Kg2 Ke8 33. Kf3 Kd7 34.
Ke4 g6 35. g4 h6 36. h4 Nf8 37. f5 Nh7 38. fxg6 fxg6 39. Ke5 g5 40. hxg5 Nxg5
41. Be3 Nf3+ 42. Kf6 Ne1 43. Bxh6 Nc2 44. g5 Nxb4 45. g6 Nd5+ 46. Kf7 a5 47. g7 1-0